000 01147nam a2200289 i 4500
003 EG-GICUC
005 20260121101221.0
008 251114s1948 ua ||||fr|||| 00| 0 ara d
040 _a EG-GICUC
_bara
_c EG-GICUC
_d EG-GICUC
_erda
041 0 _aara
082 0 4 _221
_a345.23
_bع ث . ل
092 0 4 _221
099 _aLaw1 07 345.23 ع ث . ل 1948
100 0 _aعثمان خليل عثمان
_eمؤلف.
245 1 2 _aاللامركزية ونظام مجالس المديريات في مصر :
_bدراسة مقارنة /
_cالدكتور عثمان خليل عثمان.
264 3 _aالقاهرة :
_bمكتبة عبد وهبة،
_c1948.
300 _a354 ؛صفحة
_c24 سم.
336 _2rda content
_atext
337 _2rda media
_aComputer
338 _2rda carrier
_aOnline Resource
505 _aموجز لرسالة الدكتوراة التي قدمت ونوقشت بكلية الحقوق بالقاهرة.
546 _aالنص باللغة العربية
650 1 4 _aالقانون الإداري
856 4 0 _uhttps://fll.law.cu.edu.eg/fulltext/bks/B07-00722.pdf
905 _a32
_eYara
942 _2ddc
_cBK
_e21
_n0
999 _c43229
_d43229